| 000 | 00439nam a22001457a 4500 | ||
|---|---|---|---|
| 020 | _a9780072831542 | ||
| 040 | _cnust | ||
| 082 |
_28th Edition _a658.4012 _bPEA |
||
| 100 |
_aII Pearce. A John _9122692 |
||
| 110 |
_a.Jr, Robinson. B Richard _9122693 |
||
| 245 |
_aStrategic Manangement _bFormulation, Implementation and Control |
||
| 260 |
_aNew York: _bMcGraw -Hill, _c2003. |
||
| 650 |
_aStrategic Manangement _9122694 |
||
| 942 |
_2ddc _cBK |
||
| 999 |
_c609146 _d609146 |
||